Movie Cast Match (1988) Quiz Stats

 Plays Quiz Updated Aug 28, 2016

Challenge
Share
Tweet
Embed
Score 0/40 Timer 08:00
10 Plays Today
% Correct
Twins
92.2%
Die Hard
91.9%
Rain Man
91.9%
Coming to America
90.3%
Rambo III
89.4%
The Naked Gun: From the Files of Police Squad!
88.7%
Crocodile Dundee II
88.5%
Big
87.5%
A Fish Called Wanda
87.5%
Cocktail
87%
Young Guns
84.3%
Bull Durham
84.1%
Who Framed Roger Rabbit
83.8%
Beaches
82.7%
Beetlejuice
81.2%
Working Girl
79.3%
Dirty Rotten Scoundrels
78.6%
Scrooged
78.2%
Hairspray
76.6%
Mystic Pizza
76.4%
% Correct
A Nightmare on Elm Street 4: The Dream Master
74.4%
Heathers
73.3%
Dangerous Liaisons
72.6%
Bloodsport
70%
The Accused
69.3%
Police Academy 5: Assignment: Miami Beach
69.2%
The Great Outdoors
67.9%
Mississippi Burning
65.4%
Willow
65%
My Stepmother Is an Alien
61.8%
Red Heat
60.9%
Above the Law
60.9%
Biloxi Blues
59.1%
Tequila Sunrise
58.9%
Stand and Deliver
58.8%
Midnight Run
57.3%
Married to the Mob
57%
License to Drive
56.7%
The Dead Pool
55.7%
The Accidental Tourist
55.6%

You're not logged in!

Compare scores with friends on all Sporcle quizzes.
Join for Free
OR
Log In

You Might Also Like...

Show Comments

Extras

Top Quizzes Today


Score Distribution

Your Account Isn't Verified!

In order to create a playlist on Sporcle, you need to verify the email address you used during registration. Go to your Sporcle Settings to finish the process.

Report this User

Report this user for behavior that violates our Community Guidelines.

Details: